01018nam a2200313Ia 4500001000800000003000500008005001700013007000300030008004100033010001100074020001800085040001800103041001300121050002600134082002600160100002200186240003900208245008900247250001700336264005400353300005900407336002700466337002800493338002800521650005900549650003900608700002300647700003400670dia_115CHAP20240419172829.0ta220117s1983 mx a fr 001 0 spa d a170546 a968-880-028-7 cCHAPamxchpua1 aspaheng10aQA76.73.P2b.W45 1983 bW45 1983a005.26 2201 aWelsh, Jimeautor10aIntroduction to PASCAL.lEspañol10aPASCAL : bintroducción /cJim Welsh y John Elder ; traducción Fernando Valencia a1a edición aMéxico :bPrentice-Hall Hispanoamericana,c1983 axii, 286 páginas :bilustraciones, diagramas, tablas 2rdacontentatextobtxt 2rdamediaano mediadobn 2rdacarrieravolumenbnc10aPASCAL (Lenguaje de programación para computadora) 10aPASCAL (Computer program language)1 aElder, Johneautor1 aValencia, Fernandoetraductor